00406nam a2200169Ia 4500003000400000005001700004008004000021020001500061040000700076041000800083082001300091100001600104245003300120250000600153260006400159300001300223OSt20250807095002.0210210b2004 xxu||||| |||| 00| 0 eng d a8171793223 cAL aeng a612 RATH aRatan Vidya aHandbook of human physiology a7 aNew DelhibJaypee Brothers Medical Publishers (P) Ltdc2004 axii,340p